000 00451nam a22001577a 4500
003 OSt
005 20251103091201.0
008 251103b |||||||| |||| 00| 0 eng d
022 _a0040-5639
100 _aRomanus Cessario, OP
245 _aHARRINGTON, OP,JAY (ED):
_bChristian Faith and the Power of Thinking
260 _aUSA,
_bSages Publications;
_c2018
300 _aP.226-227
440 _aTheological Studies
_nNo.1
_vVol.79
942 _2lcc
_cART
999 _c205033
_d204993